000 00898cam a2200193 4500
001 X104778
008 000000n2000 000 0 eng u
035 _a(Sirsi) u104778
245 _aCoastal protection
260 _c2000
490 _aEstates Gazette Case Summaries
_v[2000] EGCS 29(2)
520 _aCA 22 February 2000. "Holbeck Hall Hotel Ltd and another v Scarborough BC". A landslip caused the collapse of a building owned by the claimants, who brought an action for damages against the Council, claiming that as the owners of the cliffs and neighbouring land they owed a duty of care to maintain them. The High Court allowed the claim. "Held" Council's appeal allowed.
650 _aCOASTAL PROTECTION
650 _aHOLBECK HALL HOTEL LTD AND ANOTHER V SCARBOROUGH BC
650 _aDUTY OF CARE
650 _aLANDSLIP
690 _aENVIRONMENTAL AND LAND CONSULTANCY
942 _n0
999 _c62864
_d62864